El castillo de las tres murallas /

Guardado en:
Autor Principal: Martín Gaite, Carmen
Formato: Libro
Publicado: Barcelona : Lumen, 1981
Series:Grandes Autores Bolsillo; No. 5
Materias:
Etiquetas: Agregar Etiqueta
Sin Etiquetas, Sea el primero en etiquetar este registro!
LEADER 00660nam a22002175a 4500
001 CEM.cems010369
005 20080522090639.0
008 130507s1981##################000#0#####d
003 CEMS
020 |a 8426434053 
082 0 4 |a 863.6 
100 1 |a Martín Gaite, Carmen 
245 1 0 |a El castillo de las tres murallas /  |c Carmen Martín Gaite ; ilustraciones de Juan Carlos Eguillor 
260 |a Barcelona :  |b Lumen,  |c 1981 
300 |a 63 p. 
490 0 |a Grandes Autores Bolsillo; No. 5 
653 |a Literatura 
653 |a Literatura española 
653 |a Novelas 
653 |a Novela española 
859 |a CEMS  |b BIB. CEMS - 11 de abril  |h 863.6  |i M363  |p 20925.00  |t Ej.1